000 00220nam a22000857a 4500
008 160916b xxu||||| |||| 00| 0 eng d
100 _9570
_aGupta.S.P.
245 _aEnvironmental-1
260 _aNew Delhi
_bAP. Publications
_c2011
999 _c3226
_d3226